000 00769nam a22002177a 4500
003 UA-OsUOA
001 38978
007 ta
008 20080303b un ||||| |||| 00| 0 ukr d
090 _a082/929
_bУ45
942 _cBK
040 _aUA-OsUOA
_bukr
_cUA-OsUOA
_dUA-OsUOA
245 _aУкраїна: культурна спадщина, національна свідомість, державність
_bВип. 12
_cЮвілейний збірник на пошану члена-кореспондента НАН України Миколи Ільницького
300 _a767 с.
955 _a1
041 _aukr
080 _a082/929
260 _aЛьвів
_c2004
650 7 _a08 Видання. Колективні праці
_2UDC
999 _c437488
_d437488